000 00478cam a22001457a 4500
008 180718b1986 xxu||||| |||| 00| 0 eng d
082 _aAPPPA 85-86 SIN
100 _aSingh, N.B.
245 _aTaxation system for religious and charitable trusts in India: a critical appraisal
_cby N.B. Singh
260 _aNew Delhi
_bIndian Institute of Public Administration
_c1986
300 _a123p.
650 _aCharitable trusts-India
650 _aReligious
650 _aTaxation system
999 _c501402
_d501402